Desarrollo Turístico y Deportivo San José del Cabo, Baja California Sur /

Memoria descriptiva del Desarrollo Turístico y Deportivo San José del Cabo, que incluye el diseño y proyecto arquitectónico de un hotel de playa con campo de golf, y cuya obra formó parte del Plan Nacional de Turismo para el corredor turístico Los Cabos-La Paz.

-д хадгалсан:
Номзүйн дэлгэрэнгүй
Үндсэн зохиолч: Castroparedes Merino, Carlos (autor)
Бусад зохиолчид: Lobatón Díaz, Carlos Aurelio (autor) (autor)
Формат: Ном
Хэл сонгох:испани
Нөхцлүүд:
Шошгууд: Шошго нэмэх
Шошго байхгүй, Энэхүү баримтыг шошголох эхний хүн болох!

MARC

LEADER 00000nam^a2200000^a^4500
001 000187974
005 20250521000000.0
009 20260310102321.206
037 |a Acervo ITESO - Biblioteca 
041 |a ESP 
082 |a 910. 109722450638  |b CAS 
100 |a Castroparedes Merino, Carlos  |e (autor) 
245 1 0 |a Desarrollo Turístico y Deportivo San José del Cabo, Baja California Sur /  |c C. Castroparedes Merino, C.A. Lobatón Díaz. 
264 |a México :  |b edición de autor,  |c 1986 
300 |a 1 v. (sin paginación) 
336 |a texto  |b txt  |2 rdacontenido 
337 |a sin mediación  |b n  |2 rdamedio 
338 |a volumen  |b nc  |2 rdasoporte 
520 |a Memoria descriptiva del Desarrollo Turístico y Deportivo San José del Cabo, que incluye el diseño y proyecto arquitectónico de un hotel de playa con campo de golf, y cuya obra formó parte del Plan Nacional de Turismo para el corredor turístico Los Cabos-La Paz. 
593 |a Tesis de Lic. en Arquitectura, UNAM 
649 |a XX 
650 |a Hoteles -  |z San José del Cabo, Baja California (Sur) 
650 |a Hoteles -  |z México 
650 |a Centros Deportivos -  |z San José del Cabo, Baja California (Sur) 
650 |a Centros Deportivos -  |z México 
650 |a Centros Turísticos -  |z San José del Cabo, Baja California (Sur) 
650 |a Centros Turísticos -  |z México 
650 |a Diseño Arquitectónico -  |z San José del Cabo, Baja California (Sur) 
650 |a Diseño Arquitectónico -  |z México 
650 |a Proyecto Arquitectónico -  |z San José del Cabo, Baja California (Sur) 
650 |a Proyecto Arquitectónico -  |z México 
650 |a Arquitectura Moderna -  |x Historia y Crítica 
650 |a Arquitectura Mexicana -  |y Siglo XX 
650 |a Arquitectura Mexicana -  |x Historia y Crítica 
650 |a Uso del Suelo -  |z San José del Cabo, Baja California (Sur) 
650 |a Uso del Suelo -  |z México 
650 |a Zonificación Urbana -  |z San José del Cabo, Baja California (Sur) 
650 |a Zonificación Urbana -  |z México 
650 |a Infraestructura -  |z San José del Cabo, Baja California (Sur) 
650 |a Infraestructura -  |z México 
650 |a Equipamiento Urbano -  |z San José del Cabo, Baja California (Sur) 
650 |a Equipamiento Urbano -  |z México 
650 |a Diseño Urbano -  |z San José del Cabo, Baja California (Sur) 
650 |a Diseño Urbano -  |z México 
650 |a Desarrollo Urbano -  |z San José del Cabo, Baja California (Sur) -  |x Historia -  |y 1946-2000 
650 |a Desarrollo Urbano -  |z México -  |x Historia -  |y 1946-2000 
650 |a Urbanismo -  |z San José del Cabo, Baja California (Sur) 
650 |a Urbanismo -  |z México 
650 |a Política Turística -  |z México -  |x Historia -  |y 1946-2000 
650 |a Política Urbana -  |z México -  |x Historia -  |y 1946-2000 
650 |a Turismo -  |z San José del Cabo, Baja California (Sur) -  |x Aspectos Económicos 
650 |a Turismo -  |z México -  |x Aspectos Económicos 
650 |a Medio Ambiente -  |z San José del Cabo, Baja California (Sur) 
650 |a Medio Ambiente -  |z México 
650 |a San José del Cabo, Baja California (Sur) -  |x Descripción 
650 |a México -  |x Descripción 
700 |a Lobatón Díaz, Carlos Aurelio  |e (autor) 
910 |a Fondo Julio de la Peña Lomelín 
920 |a Impresos - Tesis Externas 
930 |a Arquitectos Jaliscienses 
905 |a 115 
901 |a 0500130504  |b IT1  |c JAL  |u 20250521 
902 |a https://opac.biblio.iteso.mx/vufind/Record/000187974